000 00459nam a2200181Ia 4500
008 170705s9999 xx 000 0 und d
020 _a9780516278292
245 _aBig machines /
245 _cMelanie Davis Jones ; illustrated by Doreen Gay-Kassel.
260 _aNew York :
260 _bScholastic,
260 _c2003
300 _a23 pages :
300 _bcolor illustration ;
300 _c18cm.
440 _aA rookie reader.
500 _a200
999 _c335443
_d335443